Özelleştirme üzerine (Record no. 10355)

MARC details
000 -BAŞLIK
Sabit Uzunlukta Kontrol Alanı 00657na a2200229 4500
001 - KONTROL NUMARASI
Denetim Alanı 23788
003 - KONTROL NUMARASI IDENTIFIER
Denetim Alanı MIRAKIL
005 - SON İŞLEM TARİHİ VE ZAMANI
Denetim Alanı 20181213155317.0
008 - SABİT-BOY VERİ ELEMANLARI - GENEL BİLGİLER
Sabit Uzunlukta Kontrol Alanı 171226b tu 000 0
040 ## - KATALOGLAMA KAYNAK
Orijinal Kataloglama Ajansı Milas
Kataloglama Dili tur
Metne Dönüştürmek Ajansı TR-AnCHP
041 ## - DİL KODU
Metin / Ses Parça Veya Ayrı Başlığın Dil Kodu tur
082 ## - DEWEY ONLU SINIFLANDIRMA NUMARASI
Sınıflandırma Numarası 343.0253
Ürün Numarası P37ö 1989
090 ## - SINIFLAMA NUMARASI
Sınıflama Numarası 343.0253 P37ö 1989
110 ## - ANA GİRİŞ - KURUMSAL ADI
Giriş Elemanı Olarak Kurumsal Ad Veya Yargı Alanı Adı Petrol-İş
245 ## - BAŞLIK TABLOSU
Başlık Özelleştirme üzerine
Sorumluluk Tablosu, Vb Petrol-İş
260 ## - YAYIN, DAĞITIM, VB
Yayın, Dağıtım, Vb Yeri İstanbul
Yayıncı, Dağıtıcı, Vs Adı Petrol-İş
Yayın, Dağıtım, Vb Tarihi 1989
Üretici Firma Can Ofset
300 ## - FİZİKSEL TANIM
Kapsam 288 s.
Diğer Fiziksel Ayrıntıları tbl. , fotğ.
Boyutlar 23 sm.
440 ## - SERİSİ TABLOSU / KATMA GİRİŞİ - BAŞLIK
Başlık Petrol-iş yayını
Hacim / Ardışık Tanımı 24
650 ## - KONU KATMA GİRİŞ - TOPİKAL DÖNEM
Topikal Süreli Veya Coğrafi Ad Giriş Elemanı Özelleştirme
Coğrafi Alt Bölümü Türkiye
650 ## - KONU KATMA GİRİŞ - TOPİKAL DÖNEM
Topikal Süreli Veya Coğrafi Ad Giriş Elemanı Kamu malları hukuku
Genel Alt Bölümü Özelleştirme
Coğrafi Alt Bölümü Türkiye
942 ## - EKLENDİ GİRİŞ ELEMANLARI (KOHA)
Sınıflandırma Veya Raf Düzeni Kaynak Dewey Decimal Classification
Koha Öğesi Türü Books
999 ## - SİSTEM KONTROL NUMARALARI (KOHA)
Koha Biblionumber 10355
Koha Biblioitemnumber 10355
Holdings
Kalıcı Konum Mevcut Konum Edinme Tarihi Edinim Kaynak Toplam Check-Out'Lar Tam Çağrı Numarası Barkod Tarih Son Görülme İtibaren Geçerli Fiyatlar Koha Öğesi Türü
CHP Kütüphanesi CHP Kütüphanesi 12/26/2017 Bağış   343.0253 P37ö 1989 017765 12/26/2017 12/26/2017 Books